000
00284nam a2200133Ia 4500
100
_a
Palay M.
942
_c
BK
654
_a
Metal cutting .
245
_a
Metal cutting tool production.
260
_b
Mir publishers
_c
2001
082
_a
621.902
300
_a
531
546
_a
ENGLISH
999
_c
21973
_d
21973